000 00535nam a22001697a 4500
003 OSt
005 20260406085340.0
008 260406b |||||||| |||| 00| 0 eng d
020 _a9780367391782
040 _cn
082 _a628.9 I59 2000
245 _aOutdoor Lighting Guide /
_cInstitution of Lighting Engineers.
260 _bLondon. Routledge. 2000.
300 _axii, 236 pages : illustrations ; 25 cm
650 _aOutdoor lighting – Illumination engineering – Lighting design – Public lighting
942 _2ddc
_cBK-EN
_n0
999 _c8751
_d8751